Rhymes With 'Ash' Quiz Stats

Quiz Updated Sep 5, 2016

Also try: Rhymes with 'Ford'
Challenge
Share
Tweet
Embed
Score 0/23 Timer 03:00
11 Plays Today
% Correct
bash
98.4%
cash
98.3%
mash
97.9%
dash
96%
lash
93.9%
hash
93.3%
rash
91.5%
gash
91.4%
crash
90.5%
brash
88.8%
sash
87.6%
clash
86.1%
% Correct
stash
81.3%
trash
78.1%
slash
76.1%
smash
74.1%
flash
69.8%
splash
55.7%
gnash
50.9%
thrash
33.2%
cache
27.8%
plash
25.3%
tache
14%

You're not logged in!

Compare scores with friends on all Sporcle quizzes.
Sign Up with Email
OR
Log In

You Might Also Like...

Show Comments

Extras

Top Quizzes Today


Score Distribution

Your Account Isn't Verified!

In order to create a playlist on Sporcle, you need to verify the email address you used during registration. Go to your Sporcle Settings to finish the process.